01851nam a2200265Ia 4500001000600000003000900006008004100015040001300056040001300069041001300082100002200095100002900117245003400146245003400180250001100214260001000225260002100235260004900256300005700305500111900362650003301481650003101514700001101545700002901556C9597IT-RoPAU130308s9999 xx 000 0 und d aIT-RoPAU cIT-RoPAU aITALIANO aAlberione Giacomo gCodice Aut. SPICS: 10028 aUt perfectus sit homo dei (4) bUt Perfectus Sit Homo dei (4) a1a ed. aOSTIA bEdizioni Paoline c1962 [1° Ed.:1962 - Ed.Ling.Originale:1962] a"288 p. (prefazione: no ; testo: 288 [pagine: 0-0])" aQuarta settimana del mesi di Esercizi Spirituali, Ariccia Aprile 1960. 11 istruzioni del Primo maestro D. Giacomo Alberione Su: Governo della Provincia, Fondamenti di Vita Religiosa, Associazione Generale Biblioteche, Propaganda, Apostolato e Bisogni dell'Umanità, propaganda Razionale, Librerie, Spirito dei Discepoli del Divin Maestro, Carità e Spirito di Famiglia, Maria Discepola e Maestra, Maria Apostola. 10 Meditazioni: Coscienza Amministrativa di D. Lamera, Provvidenza e Lavoro di D. Lamera, Necessità Ordinarie e Straordinarie di D. Paganini, cura della salute di D. Paganini, guardare a Gesu' Maestro, a Maria maestra e a San Paolo di D. Lamera, resoconti Mensili Annuali Morali Apostolici ed Economici di D. Lamera, Economo Cassiere Contabile e Archivista di D. Paganini, Preventivi e Consuntivi di D. Paganini, Crediti e Debiti di D. Paganini, Diffusione dell'istituto nelle varie nazioni di D. Paganini. 3 Conferenze: Studio del Divin maestro di D. tomatis,Cura dei Cooperatori di D. Costa, per la Santificazione dei Nostri Discepoli di D. Zanoni. Un pensiero di Ringraziamento di Don Borrano. aSCRITTI DI GIACOMO ALBERIONE eCodice materia Spics: 9901 aAA.VV. gCodice Aut. SPICS: 12000